000 00516nam a2200193 a 4500
001 1773224833546
003 YourLibrary
005 20260311160325.0
008 260311s2008##################000#0#eng##
020 _a9780230218406
082 0 4 _a338.951
_bDAS
100 1 _aDas, Dilip K.,
_eauthor.
245 1 0 _aThe Chinese Economic Renaissance :
260 _bPalgrave MacMillan,
_c2008.
300 _a296 pages
650 0 _aBusiness & Economics.
942 _cENGLISH
040 _aYourLibrary
_beng
_cYourLibrary
999 _c617629
_d617629